000 01019 a2200229 4500
001 10543
005 20260407155439.0
008 260407a2012 arg spa d
003 AR-UNSa-BCEJYS
040 _aAR-UNSa-BCEJYS
_bspa
_cAR-UNSa-BCEJYS
080 _a658.014.14
_xManuales Administrativos
245 1 0 _aCómo elaborar y usar los manuales administrativos
020 _a978-607-481-634-1
250 _a4a. ed.
264 1 _aMéxico :
_bCengage Learning Editores
_c2012
300 _a184 p.
_c24 cm.
505 _a1. Estructura y organización de las empresas - 2. Configuración del diseño organizacional - 3. Diseño de las organizaciones - 4. Manuales administrativos - 5. Técnicas para elaborar manuales administrativos - 6. El manual de organización - 7. El manual de procedimientos - 8. Manual de políticas - 9. Manuales para función específica - 10. El manual de manuales
041 _aspa
942 _cBK
590 _aniveau_biblio:m niveau_hierar:0
100 1 _aRodríguez Valencia, Joaquín
999 _c474
_d474